Llevando la sostenibilidad a las aulas /
Sparad:
| Huvudupphovsman: | |
|---|---|
| Materialtyp: | Bok |
| Språk: | Spanish |
| Publicerad: |
San José, Costa Rica :
Secretaría Internacional de la Carta de la Tierra,
2005
|
| Ämnen: | |
| Taggar: |
Lägg till en tagg
Inga taggar, Lägg till första taggen!
|
MARC
| LEADER | 00000nam a2200000Ia 4500 | ||
|---|---|---|---|
| 008 | 160930b2005 cr a|||| |||| 00| | spa d | ||
| 020 | |a 9977925429 | ||
| 090 | |a 16.01.01 |b 1422 | ||
| 100 | 1 | |9 2034 |a Mukherjee, Mohit | |
| 245 | 1 | 0 | |a Llevando la sostenibilidad a las aulas / |c Mohit Mukherjee |
| 260 | |a San José, Costa Rica : |b Secretaría Internacional de la Carta de la Tierra, |c 2005 | ||
| 300 | |a 44 páginas; |b ilustraciones | ||
| 650 | 1 | 4 | |a DESARROLLO SOSTENIBLE |9 443 |
| 650 | 1 | 4 | |a ENSEÑANZA |9 14 |
| 650 | 1 | 4 | |a CARTA DE LA TIERRA |9 2035 |
| 650 | 1 | 4 | |a NIÑOS |9 59 |
| 942 | |i 003087,003088 |h 16.01.01 1422 |2 z |c 01 | ||
| 999 | |c 1098 |d 1098 | ||



